Eurostat : Príprava nových štrukturálnych zisťovaní poľnohospodárskych fariem v Európskej únii

Informácia o zasadnutí pracovnej skupiny členských krajín EÚ k štrukturálnym zisťovaniam a typológii fariem v rámci poľnohospodárskeho štatistického výboru na Eurostate. V roku 2010 by mal byť vykonaný štrukturálny cenzus fariem. Návrh na definíciu pojmu poľnohospodárska farma. Informácia o príprave...

Ausführliche Beschreibung

Gespeichert in:
Bibliographische Detailangaben
1. Verfasser: Haspra, Rudolf
Format: Buchkapitel
Sprache:Slowakisch
Schlagworte:
Tags: Tag hinzufügen
Keine Tags, Fügen Sie das erste Tag hinzu!

MARC

LEADER 00000naa$a2200000$$$4500
001 0042084
005 20231018091459.7
041 0 |a slo 
044 |a SK 
245 1 0 |a Eurostat : Príprava nových štrukturálnych zisťovaní poľnohospodárskych fariem v Európskej únii  |c Rudolf Haspra 
520 |a Informácia o zasadnutí pracovnej skupiny členských krajín EÚ k štrukturálnym zisťovaniam a typológii fariem v rámci poľnohospodárskeho štatistického výboru na Eurostate. V roku 2010 by mal byť vykonaný štrukturálny cenzus fariem. Návrh na definíciu pojmu poľnohospodárska farma. Informácia o príprave revízie typológie európskych fariem. 
610 2 0 |a farmy 
610 2 0 |a poľnohospodárstvo 
610 2 0 |a typológia 
610 2 0 |a Európa 
610 2 0 |a údaje štatistické medzinárodné 
610 2 0 |a informácie 
610 2 0 |a porady 
610 2 0 |a Európska únia 
100 1 |a Haspra, Rudolf